000 00744nam a2200205 i 4500
001 95233
003 ES-MaACL
005 20231223063054.0
007 t|
008 050524s1915 sp ||||1| spa d
100 1 _aLuzuriaga, Lorenzo,
_d1889-1959
_974917
245 1 3 _aLa enseñanza en el extranjero
_b: I Paises de lengua inglesa (Gran Bretaña e Irlanda, Australia, Nueva Zelanda, Estados Unidos, Canadá) /
_cLorenzo Luzuriaga.
260 _aMadrid :
_b[s.n.],
_c1915.
300 _a144 p. ;
_c22 cm.
500 _aPrecede al tít.: Museo Pedagógico Nacional.
650 4 _aEnseñanza primaria.
_9135993
710 2 _aMuseo Pedagógico Nacional (España)
_95912
852 _aES-MaACL
_jT-1469-F-2
999 _c95233
_d95233